Chef-Lieux des Cantons Suisse - Carte Quiz - Statistiques

Statistiques générales
  • Ce quiz a été pris 869 fois
  • Le résultat moyen est 15 sur 26
Réponses sur la Carte
Les réponses sont colorées sur une échelle allant du rouge au vert en fonction du pourcentage des utilisateurs qui les ont devinées à leur premier essai. Vous pouvez retrouver ces pourcentages ci-dessous.
 
Statistiques - réponses
Réponse % Correct
Lausanne
86%
Berne
82%
Genève
82%
Neuchâtel
78%
Fribourg
76%
Bâle
75%
Sion
66%
Zurich
65%
Bellinzone
64%
Delémont
63%
Schaffhouse
63%
Saint-Gall
62%
Coire
60%
Soleure
60%
Lucerne
57%
Appenzell
56%
Aarau
52%
Zoug
49%
Glaris
45%
Liestal
45%
Schwytz
43%
Frauenfeld
41%
Altdorf
36%
Stans
35%
Herisau
34%
Sarnen
28%
Aucun quiz correspondant
Distribution des résultats
% des personnes avec chaque résultat
Percentile par nombre de réponses
Votre historique - résultats
Vous n’avez pas pris ce quiz